| 000 | 02759cam a2200469 i 4500 | ||
|---|---|---|---|
| 001 | 18928153 | ||
| 003 | NUST | ||
| 005 | 20220114161514.0 | ||
| 008 | 160105t2016 ilua b 001 0 eng c | ||
| 010 | _a 2016000143 | ||
| 020 | _a9780226239569 (cloth : alk. paper) | ||
| 020 | _a9780226239736 (pbk. : alk. paper) | ||
| 020 | _z9780226239873 (e-book) | ||
| 038 | _aRani Shaista Kanwal | ||
| 040 |
_aICU/DLC _beng _cICU _erda _dDLC |
||
| 042 | _apcc | ||
| 050 | 0 | 0 |
_aQ180.55.M4 _bB66 2016 |
| 082 | 0 | 0 | _a001.42 CRA |
| 100 | 1 |
_aBooth, Wayne C., _eauthor. _988426 |
|
| 245 | 0 | 4 |
_aThe craft of research / _cWayne C. Booth, Gregory G. Colomb, Joseph M. Williams, Joseph Bizup, William T. FitzGerald. |
| 250 | _aFourth edition. | ||
| 260 |
_6Chicago; _aThe University of Chicago press: _b2016. |
||
| 264 | 1 |
_aChicago : _bThe University of Chicago Press, _c2016. |
|
| 300 |
_axvi, 316 pages : _billustrations ; _c22 cm. |
||
| 336 |
_atext _2rdacontent |
||
| 337 |
_aunmediated _2rdamedia |
||
| 338 |
_avolume _2rdacarrier |
||
| 490 | 1 | _aChicago guides to writing, editing, and publishing | |
| 504 | _aAppendix: Bibliographical Resources: 281 Index: 313 | ||
| 505 | _aI. Research, Researchers, and Readers: 1-- 1. Thinking in Print: The Uses of Research, Public and Private: 9-- 2. Connecting with Your Reader: Creating a Role for Yourself and Your Readers: 16-- II. Asking Questions, Finding Answers: 27-- 3. From Topics to Questions: 33-- 4. From Questions to a Problem: 49-- 5. From Problems to Sources: 65-- 6. Engaging Sources: 85-- III. Making an Argument: 105-- 7. Making Good Arguments: An Overview: 110-- 8. Making Claims: 122-- 9. Assembling Reasons and Evidence: 132-- 10. Acknowledgments and Responses: 141-- 11. Warrants: 155-- IV. Writing Your Argument: 173-- 12. Planning and Drafting: 177-- 13. Organizing Your Argument: 189-- 14. Incorporating Sources: 200-- 15. Communicating Evidence Visually: 214 16. Introductions and Conclusions: 232 17. Revising Style: Telling Your Story Clearly: 248 V. Some Last Considerations: 269 The Ethics of Research: 271 A Postscript for Teachers: 275 | ||
| 563 | _aPB | ||
| 650 | 0 |
_aResearch _xMethodology. _988427 |
|
| 650 | 0 |
_aTechnical writing. _988428 |
|
| 700 | 1 |
_aColomb, Gregory G., _eauthor. _988429 |
|
| 700 | 1 |
_aWilliams, Joseph M., _eauthor. _988430 |
|
| 700 | 1 |
_aBizup, Joseph, _d1966- _eauthor. _988431 |
|
| 700 | 1 |
_aFitzGerald, William T., _eauthor. _988432 |
|
| 830 | 0 |
_aChicago guides to writing, editing, and publishing. _988433 |
|
| 906 |
_a7 _bcbc _corignew _d1 _eecip _f20 _gy-gencatlg |
||
| 942 |
_2ddc _cBK |
||
| 999 |
_c587610 _d587610 |
||